000 01196cam a2200325 a 4500
001 3385518
003 OSt
005 20140310181807.0
008 040921r20052004enkahbc 001 0 eng d
020 _a0276427513
040 _aVMOR
_beng
_cVMOR
_dANL
050 _aD 24
_b.T874 2003
082 0 4 _aREF 909.22
_bT77 2003
245 1 0 _aReader's Digest the truth about history :
_bhow new evidence is transforming the story of the past /
_c[edited, designed and produced by Planet Three Publishing Network ; writers, Russell Miller ... [et al.]].
246 3 0 _aTruth about history
260 _aLondon ;
_aSydney :
_bReader's Digest Association,
_cc2004
_g(2005 printing)
300 _a319 p. :
_bill. (some col.), facsims., maps, ports. ;
_c28cm.
500 _aIncludes index.
520 _a1. History--Miscellanea. 2. Histography. 3. Curiosity and wonders.
521 _aBasic Ed. Students
541 _j1
562 _e1
650 0 _aHistory
_vMiscellanea.
650 0 _aHistoriography.
650 0 _aCuriosity and wonders.
700 1 _aMiller, Russell.
710 2 _aReader's Digest Association.
710 2 _aPlanet Three Publishing Network.
942 _2lcc
_cBK-GR
_kREF
999 _c3815
_d3815